Handbook of research on digital libraries: design, development and impact (Record no. 7119)
[ view plain ]
| 000 -LEADER | |
|---|---|
| fixed length control field | 00543nam a2200169Ia 4500 |
| 020 ## - INTERNATIONAL STANDARD BOOK NUMBER | |
| ISBN | 9781599048796 |
| 082 ## - DEWEY DECIMAL CLASSIFICATION NUMBER | |
| Classification number | 025.00285 HAN- |
| 245 #0 - TITLE STATEMENT | |
| Title | Handbook of research on digital libraries: design, development and impact |
| 260 ## - PUBLICATION, DISTRIBUTION, ETC. (IMPRINT) | |
| Place of publication | Hershey |
| Name of publisher | Information Science Reference |
| Year of publication | 2009 |
| 300 ## - PHYSICAL DESCRIPTION | |
| Number of Pages | xxxix, 649 |
| 504 ## - BIBLIOGRAPHY, ETC. NOTE | |
| Bibliography, etc | includes index |
| 650 ## - SUBJECT ADDED ENTRY--TOPICAL TERM | |
| Topical Term | Digital libraries |
| Form subdivision | Handbooks, manuals etc. |
| 650 ## - SUBJECT ADDED ENTRY--TOPICAL TERM | |
| Topical Term | Open Source Software (OSS) |
| 650 ## - SUBJECT ADDED ENTRY--TOPICAL TERM | |
| Topical Term | Information storage and retrieval systems |
| 700 ## - ADDED ENTRY--PERSONAL NAME | |
| Personal name | Yin Leng Theng [et...al] |
| 942 ## - ADDED ENTRY ELEMENTS (KOHA) | |
| Koha item type | Books |
| Withdrawn status | Lost status | Damaged status | Not for loan | Home library | Current library | Date acquired | Source of acquisition | Bill Date | Full call number | Accession Number | Price effective from | Koha item type |
|---|---|---|---|---|---|---|---|---|---|---|---|---|
| NASSDOC Library | NASSDOC Library | 05/04/2010 | OP | 2010-03-26 | 025.00285 HAN- | 46165 | 18/04/2019 | Books |
